Аналитические материалы по проекту "Анализ нормативно-правовой базы в области прав человека в контексте биомедицинских исследований и выработки рекомендаций по ее усовершенствованию" (Запись № 1049525)

Подробности
000 -МАРКЕР
контрольное поле 02747nam0a2200385 4500
001 - ИДЕНТИФИКАТОР ЗАПИСИ
контрольное поле RU\NLR\bibl\1092382
005 - ИДЕНТИФИКАТОР ВЕРСИИ
контрольное поле 20260409073053.0
010 ## - МЕЖДУНАРОДНЫЙ СТАНДАРТНЫЙ НОМЕР КНИГИ (ISBN)
Номер (ISBN) 978-5-98079-288-6
Тираж 250
021 ## - НОМЕР ГОСУДАРСТВЕННОЙ РЕГИСТРАЦИИ
Код страны Российская Федерация
Номер 2007-26672
Номер Листа государственной регистраци 1420
035 ## - ДРУГИЕ СИСТЕМНЫЕ НОМЕРА
Идентификатор записи (NLR Aleph) 001079511
100 ## - ДАННЫЕ ОБЩЕЙ ОБРАБОТКИ
Данные общей обработки 20070530d2007 |||y0rusy50 ca
101 0# - ЯЗЫК РЕСУРСА
Язык текста, звукозаписи и т.д. русский
102 ## - СТРАНА ПУБЛИКАЦИИ ИЛИ ПРОИЗВОДСТВА
Страна публикации Российская Федерация
105 ## - ПОЛЕ КОДИРОВАННЫХ ДАННЫХ: ТЕКСТОВЫЕ МАТЕРИАЛЫ, МОНОГРАФИЧЕСКИЕ
Кодированные данные о монографическом текстовом документе y |||||||||
200 1# - ЗАГЛАВИЕ И СВЕДЕНИЯ ОБ ОТВЕТСТВЕННОСТИ
Основное заглавие Аналитические материалы по проекту "Анализ нормативно-правовой базы в области прав человека в контексте биомедицинских исследований и выработки рекомендаций по ее усовершенствованию"
Сведения, относящиеся к заглавию в рамках программы "Преодоление социальных последствий эпидемии ВИЧ/СПИДа посредством информации и образования в области прав человека и социальной интеграции людей, живущих с ВИЧ/СПИДом"
Первые сведения об ответственности гл. ред. чл.-кор. РАН, проф. Б.Г. Юдин
210 ## - ПУБЛИКАЦИЯ, РАСПРОСТРАНЕНИЕ И ДР.
Место издания, распространения и т.д. Москва
Имя издателя, распространителя и т. д. Изд-во Московского гуманитарного университета
Дата издания, распространения и т.д. 2007
215 ## - ФИЗИЧЕСКАЯ ХАРАКТЕРИСТИКА
Специфическое обозначение материала и объем 341, [1] с.
Размеры 21
300 ## - ОБЩИЕ ПРИМЕЧАНИЯ
Текст примечания В надзаг.: Бюро ЮНЕСКО в Москве, Регион. обществ. орг. "Сообщество людей, живущих с ВИЧ", Моск. гуманит. ун-т, Ин-т гуманит. исслед., Центр биоэтики
320 ## - ПРИМЕЧАНИЯ О НАЛИЧИИ В ДОКУМЕНТЕ БИБЛИОГРАФИИ / УКАЗАТЕЛЯ
Текст примечания Библиогр. в тексте и в подстроч. прим.
606 ## - НАИМЕНОВАНИЕ ТЕМЫ КАК ПРЕДМЕТ
Наименование темы Права человека
Тематический подзаголовок Защита
Идентификатор авторитетной/нормативной записи RU\NLR\auth\661254700
Системный номер авторитетной/нормативной записи 2078834
606 1# - НАИМЕНОВАНИЕ ТЕМЫ КАК ПРЕДМЕТ
Наименование темы Биоэтика
Тематический подзаголовок Правовые вопросы
Географический подзаголовок Российская Федерация
Системный номер авторитетной/нормативной записи 2370672
Идентификатор авторитетной/нормативной записи RU\NLR\auth\661415034
606 1# - НАИМЕНОВАНИЕ ТЕМЫ КАК ПРЕДМЕТ
Наименование темы Биоэтика
Тематический подзаголовок Международно-правовые вопросы
Системный номер авторитетной/нормативной записи 2475927
Идентификатор авторитетной/нормативной записи RU\NLR\auth\661470152
686 ## - ИНДЕКСЫ ДРУГИХ КЛАССИФИКАЦИЙ
Индекс Х620.32
686 ## - ИНДЕКСЫ ДРУГИХ КЛАССИФИКАЦИЙ
Индекс Х911.3
686 ## - ИНДЕКСЫ ДРУГИХ КЛАССИФИКАЦИЙ
Индекс Х621.154
686 ## - ИНДЕКСЫ ДРУГИХ КЛАССИФИКАЦИЙ
Индекс Х916.7
702 #1 - ИМЯ ЛИЦА - ВТОРИЧНАЯ ОТВЕТСТВЕННОСТЬ
Код отношения Редактор
Материалы, к которым относится поле rus
Графика поля Кириллица
Начальный элемент ввода Юдин
Часть имени, кроме начального элемента ввода Б. Г.
Дополнения к именам, кроме дат д-р филос. наук
Даты 1943-2017
Расширение инициалов личного имени Борис Григорьевич
Идентификатор авторитетной/нормативной записи RU\NLR\AUTH\77110641
Системный номер авторитетной/нормативной записи 93566
710 02 - НАИМЕНОВАНИЕ ОРГАНИЗАЦИИ - ПЕРВИЧНАЯ ОТВЕТСТВЕННОСТЬ
Начальный элемент ввода "Анализ нормативно-правовой базы в области прав человека в контексте биомедицинских исследований и выработка рекомендаций по ее усовершенствованию", проект
Идентификатор авторитетной/нормативной записи RU\NLR\AUTH\8810099571
Системный номер авторитетной/нормативной записи 700168
801 #0 - ИСТОЧНИК ЗАПИСИ
Страна Российская Федерация
Организация NLR
Дата составления 20070530
Правила каталогизации RCR
801 #1 - ИСТОЧНИК ЗАПИСИ
Страна Российская Федерация
Организация NLR
Дата составления 20070530
942 ## - ДОПОЛНИТЕЛЬНЫЕ ЭЛЕМЕНТЫ ЗАПИСИ (АБИС)
Тип экземпляра АБИС Книга
980 ## - КОЛЛЕКЦИЯ
Название коллекции Национальная библиография
Экземпляры
Тип экземпляра Дата поступления Источник поступления Библиотека постоянного хранения Библиотека текущего хранения Место хранения Шифр хранения Штрих-код Статус экземпляра
Книга 30.05.2007 Обязательный экземпляр РНБ (Московский) РНБ (Московский) Русский книжный фонд: издания с 1957 года 2007-3/16295 2444454  
Книга 30.05.2007 Обязательный экземпляр РНБ (Московский) РНБ (Московский) Русский книжный фонд: издания с 1957 года 2007-3/16295 2444459